Score 0/27 Timer 12:00
0 Plays Today
Hint Answer % Correct
who killed Albus DumbledoreSeverus Snape
86.3%
Who is the elf Harry meets in the order of the phoenixKreacher
84.2%
What street do the Dursleys live onPrivet Drive
84%
What is the middle name of Tom RiddleMarvolo
83.7%
what is given to Dobby that sets him free from the malfoyssock
80.8%
Kreacher is the house elf to which familyblack family
80.7%
who kills DobbyBellatrix Lestrange
78.3%
who saves mr Weasley in the order of the phoenix harry potter
77%
This room was discovered by Neville in the order of the phoenixroom of requirement
75.2%
where does the Whomping willow lead toShrieking shack
73%
how is harry saved from the Dursleys in the chamber of secretsflying car
72.8%
What is Harry Potters middle nameJames
72%
this group of students was to fight against voldemortDumbledore's army
70.9%
what was left to Ron from Dumbledore in The Deathly Hallows part 1 the deluminator
70.3%
Hint Answer % Correct
what spell does hermione use two times in the Deathly Hallows Part 1, once to erase the memories of her parentsobliviate
68.6%
The brother of Albus DumbledoreAberforth Dumbledore
67.9%
message on the snitch given to HarryI Open At The Close
65.7%
Who are the 3 people who bring Harry to the Dursleys homeAlbus Dumbledore, Minerva McGonagall, Rubeus Hagrid
65.2%
what spell does harry use to nearly kill Draco Malfoysectumsempra
59.5%
In movie 6 (the half blood prince) what spell does Hermione use to help Ron at Quidditch tryoutsconfundus charm
58%
Luna wears this hat at Rons first Quidditch matchlion hat
57%
Who tells Voldemort where the elder wand isGellert Grindelwald
50.4%
which vault at gringotts holds the philosophers stone713
50.4%
this person found the 3rd horcruxRegulus Black
48.9%
Harry's reward on his first day of Potions class in the Half Blood PrinceLiquid Luck
48.5%
what does Dobby use to save hermione in the deathly hallows part 1chandelier
48.1%
this person was given the original invisibility cloak Ignotus Peverell
43.9%
Remove Ads.
Support Sporcle.
Get the best of Sporcle when you Go Orange. This ad-free experience offers more features, more stats, and more fun while also helping to support Sporcle. Thank you for becoming a member.

You're not logged in!

Compare scores with friends on all Sporcle quizzes.
OR
Log In

Show Comments

Extras

Created Nov 27, 2010ReportNominate
Tags:Harry Potter Quiz, 1-7

Top Quizzes Today


Score Distribution

Your Account Isn't Verified!

In order to create a playlist on Sporcle, you need to verify the email address you used during registration. Go to your Sporcle Settings to finish the process.

Report this User

Report this user for behavior that violates our Community Guidelines.

Details: